000 00597nam a2200241Ia 4500
005 20250425162201.0
008 250425s9999 xx 000 0 und d
020 _a9284401496
041 _aeng
043 _asp
082 _a338.4791
110 _aWORLD TOURISM ORGANIZATION
245 0 _aTOWARDS NEW FORMS OF PUBLIC - PRIVATE SECTOR PARTNERSHIP
250 _a1ST ED.
260 _aEspaƱa
_bWORLD TOURISM ORGANIZATION
_c1997
260 _aMADRID
300 _a88
650 _aSECTOR PRIVADO
650 _aSECTOR PUBLICO
650 _aTURISMO
942 _c01
010 _a54708
999 _c224031
_d224031